Pokémon - Les attaques de Clamiral - Statistiques

Statistiques générales
  • Ce quiz a été pris 19 fois
  • Le résultat moyen est 11 sur 17
Statistiques - réponses
Niveaux Types Noms des attaques % Correct
Départ Normal Charge
100%
Niveau 18 Eau Coquilame
100%
Niveau 63 Eau Hydrocanon
100%
Départ Niveau 7 Eau Pistolet à O
100%
Départ Niveau 5 Normal Mimi-Queue
91%
Niveau 21 Insecte Taillade
91%
Niveau 25 Eau Vibraqua
82%
Niveau 46 Eau Hydroqueue
73%
Niveau 34 Eau Aqua-Jet
64%
Départ Insecte Mégacorne
64%
Départ Niveau 11 Eau Tourniquet
64%
Niveau 58 Normal Danse-Lames
55%
Départ Évolution Normal Tranche
45%
Niveau 29 Combat Vendetta
45%
Niveau 13 Normal Puissance
36%
Niveau 39 Normal Encore
18%
Niveau 51 Normal Vengeance
18%
Aucun quiz correspondant
Distribution des résultats
% des personnes avec chaque résultat
Percentile par nombre de réponses
Votre historique - résultats
Vous n’avez pas pris ce quiz